000 01819pam a2200301 a 4500
001 5419191
003 ARRUPE
005 20160301110556.0
008 050301s2005 enk b 001 0 eng d
020 _a0281057583 (pbk. : alk. paper)
035 _a(OCoLC)64579243
035 _a(OCoLC)ocm64579243
035 _a(NNC)5419191
040 _aNNC
_cNNC
050 4 _aBS2397
_b.E85 2005
100 1 _aEsler, Philip Francis.
_912175
245 1 0 _aNew Testament theology :
_bcommunion and community /
_cPhilip F. Esler.
260 _aMinneapolis :
_bFortress Press,
_cc2005.
300 _axii, 353 p. ;
_c24 cm.
504 _aIncludes bibliographical references (p. 313-334) and indexes.
505 0 _aIntroduction: The New Testament and contemporary Christianity -- The New Testament, history, and theology : the state of the debate -- Persons in communion : a socio-theological model -- Knowing and understanding the message of our ancestors in the faith -- The place of New Testament authors in interpretation -- Inter-personal understanding and the spoken word in Schleiermacher's hermeneutics -- Face-to-face communion between New Testament Christ-followers : 1 Corinthians 10-14 as a test case -- New Testament Christ-followers and the effects of writing -- Communion with the saints : origins and development -- Communion with the saints : modeling the naturalistic possibilities -- Communion with the saints in the fullest sense -- The canon and interpersonal communion -- History, hermeneutics, and communion : Romans.
630 0 0 _aBible.
_pNew Testament
_xTheology.
_97188
630 0 0 _aBible.
_pNew Testament
_xCriticism, interpretation, etc.
_922610
650 0 _aCommunities
_xReligious aspects
_xChristianity.
_97308
942 _2lcc
_cMONOGRAPH
948 1 _a20050912
_bo
_cvt2130
_dMPS
999 _c124261
_d124261